[Event "C.to Provinciale CS"]
[Site "Rossano ITA"]
[Date "2006.02.26"]
[Round "5"]
[White "Falbo, Salvatore"]
[Black "Marincolo, Piercarlo"]
[Result "0-1"]
[WhiteElo "1472"]
[BlackElo "1673"]
[PlyCount "104"]
[EventDate "2006.02.18"]

1. e4 c5 2. Nf3 Nc6 3. Nc3 d6 4. Bb5 Bd7 5. d4 cxd4 6. Nxd4 e6 7. Ba4 a6 8.
Nxc6 Bxc6 9. Bxc6+ bxc6 10. Be3 Be7 11. O-O Nf6 12. Qd4 O-O 13. h3 d5 14. e5 c5
15. Qd3 Nd7 16. Bf4 Bg5 17. Qg3 Bxf4 18. Qxf4 Qc7 19. Rfe1 Rab8 20. b3 Rfe8 21.
Qg3 Rbc8 22. Rac1 f6 23. exf6 Qxg3 24. fxg3 Nxf6 25. Re5 Kf7 26. Na4 Nd7 27.
Re2 e5 28. Rd1 d4 29. Nb2 Rc6 30. Nc4 Rce6 31. Rde1 Kg8 32. Re4 g6 33. g4 R8e7
34. Kh2 Kf8 35. Kg3 Ke8 36. Kh4 Kd8 37. a3 Kc7 38. g5 Kc6 39. Kg4 Kd5 40. g3
Nb6 41. Na5 c4 42. bxc4+ Nxc4 43. Nxc4 Kxc4 44. h4 Kc3 45. R1e2 Kc4 46. h5 Kd5
47. Kh4 Rc7 48. Rg4 Rc3 49. Kh3 Rxa3 50. Rf2 gxh5 51. Rh4 Re7 52. Rxh5 a5 0-1

[Event "C.to Provinciale CS"]
[Site "Rossano ITA"]
[Date "2006.02.26"]
[Round "5"]
[White "Filippelli, Antonio"]
[Black "Ielapi, Gianbattista"]
[Result "0-1"]
[WhiteElo "1625"]
[BlackElo "1620"]
[PlyCount "84"]
[EventDate "2006.02.18"]

1. d4 Nf6 2. c4 g6 3. Nc3 Bg7 4. e4 d6 5. Nf3 O-O 6. Be2 e5 7. d5 Nbd7 8. Be3
Ne8 9. O-O f5 10. Rb1 f4 11. Bd2 Rf7 12. Na4 Bf8 13. Qc1 Rg7 14. c5 Ndf6 15.
Qc2 g5 16. h3 h5 17. Nh2 g4 18. Kh1 gxh3 19. gxh3 Bxh3 20. Rg1 Ng4 21. Bxg4
Bxg4 22. Qc3 f3 23. Rg3 Be7 24. Nxf3 Bh4 25. Nxh4 Qxh4+ 26. Kg1 Nf6 27. Qd3 Kh8
28. Qe3 Kg8 29. Qd3 Kf7 30. Rc1 Rag8 31. Rc3 Ke8 32. cxd6 cxd6 33. Qb5+ Bd7 34.
Qc4 Rxg3+ 35. Rxg3 Rxg3+ 36. fxg3 Qxg3+ 37. Kf1 Qf3+ 38. Kg1 Qd1+ 39. Kf2 Qxd2+
40. Kg3 b5 41. Qc7 bxa4 42. Qxd6 Nxe4+ 0-1

[Event "C.to Provinciale CS"]
[Site "Rossano ITA"]
[Date "2006.02.26"]
[Round "5"]
[White "Piccoli, Vincenzo"]
[Black "Paragliola, Gennaro"]
[Result "1-0"]
[WhiteElo "1646"]
[BlackElo "1544"]
[PlyCount "74"]
[EventDate "2006.02.18"]

1. d4 Nf6 2. c4 g6 3. Nc3 Bg7 4. e4 d6 5. Nf3 O-O 6. Be2 e5 7. d5 a5 8. O-O Na6
9. Be3 Ng4 10. Bg5 f6 11. Bd2 Nc5 12. h3 Nh6 13. Be3 Nf7 14. a3 f5 15. Bxc5
dxc5 16. exf5 gxf5 17. Qc2 Nd6 18. Kh1 Rf6 19. Nxe5 Rh6 20. f4 Qe8 21. Nf3 Qg6
22. Bd3 Bd7 23. Ne5 Qe8 24. Rae1 Qc8 25. Rf3 Kh8 26. Rfe3 Rh4 27. Nxd7 Qxd7 28.
Re7 Qc8 29. Qf2 Bf6 30. R7e6 Qd8 31. Ne2 b6 32. b3 a4 33. bxa4 Rxa4 34. Ng3 Bd4
35. Qc2 Rxa3 36. Nxf5 Rxf4 37. Nxd6 Qxd6 1-0

[Event "C.to Provinciale CS"]
[Site "Rossano ITA"]
[Date "2006.02.26"]
[Round "5"]
[White "Spataro, Enrico"]
[Black "Catapano, Francesco"]
[Result "0-1"]
[WhiteElo "1712"]
[BlackElo "1772"]
[PlyCount "100"]
[EventDate "2006.02.18"]

1. e4 e6 2. d4 d5 3. Nd2 Nf6 4. e5 Nfd7 5. Bd3 c5 6. c3 cxd4 7. cxd4 Nc6 8. Ne2
Qb6 9. Nf3 f6 10. Nf4 fxe5 11. Ng5 Nf6 12. Nh5 Qb4+ 13. Bd2 Qe7 14. dxe5 Nxe5
15. Nxf6+ Qxf6 16. Bb5+ Bd7 17. Qb3 Bc5 18. f4 Nc6 19. O-O-O Rc8 20. Rhe1 Bf2
21. Kb1 Bxe1 22. Rxe1 Nd4 23. Bxd7+ Kxd7 24. Qa4+ Nc6 25. Rxe6 Qf5+ 26. Ka1
Rhe8 27. Rxe8 Rxe8 28. Qb5 Kc8 29. a3 h6 30. Nf3 Qd7 31. Qc5 Kb8 32. Ne5 Nxe5
33. fxe5 Rc8 34. Qf2 Qe6 35. Qf4 b6 36. Bb4 Kb7 37. Kb1 Rc7 38. Bd6 Rf7 39. Qg3
d4 40. Qh4 Rf1+ 41. Kc2 Qc4+ 42. Kd2 Qc1+ 43. Kd3 Qe3+ 44. Kc4 Rc1+ 45. Kd5
Qb3+ 46. Ke4 Qc2+ 47. Kd5 Qxg2+ 48. Ke6 Qg6+ 49. Kd5 Qf7+ 50. Kxd4 Rc4+ 0-1

[Event "C.to Provinciale CS"]
[Site "Rossano ITA"]
[Date "2006.02.26"]
[Round "5"]
[White "Todarello, Giovanni"]
[Black "Luvera', Filippo"]
[Result "0-1"]
[WhiteElo "1831"]
[BlackElo "1811"]
[PlyCount "72"]
[EventDate "2006.02.18"]

1. e4 c5 2. Nf3 Nc6 3. d4 cxd4 4. Nxd4 e5 5. Nb5 d6 6. N1c3 a6 7. Na3 b5 8. Nd5
Nf6 9. Bg5 h6 10. Bxf6 gxf6 11. g3 Bg7 12. Bg2 O-O 13. O-O Ne7 14. Ne3 Rb8 15.
Qh5 Be6 16. Rfd1 Qd7 17. Rd2 f5 18. Rad1 Rb6 19. c4 Rc8 20. cxb5 axb5 21. exf5
Nxf5 22. Nd5 Bxd5 23. Bxd5 Nd4 24. Qh4 Rc5 25. Qe4 Kh8 26. g4 Rb8 27. h3 Rf8
28. b4 Rc3 29. Rd3 Rxd3 30. Qxd3 f5 31. f3 fxg4 32. hxg4 Qa7 33. Kg2 Qd7 34.
Rc1 Ne6 35. Bxe6 Qxe6 36. Nxb5 Qxa2+ 0-1

[Event "C.to Provinciale CS"]
[Site "Rossano ITA"]
[Date "2006.02.26"]
[Round "6"]
[White "Forlano, Luigi"]
[Black "Marincolo, Piercarlo"]
[Result "1-0"]
[WhiteElo "2013"]
[BlackElo "1673"]
[PlyCount "77"]
[EventDate "2006.02.18"]

1. e4 c5 2. Nc3 Nc6 3. f4 d6 4. Bb5 Bd7 5. Nf3 e6 6. O-O a6 7. Bxc6 Bxc6 8. d3
b5 9. Qe1 Ne7 10. Bd2 g6 11. Qh4 Nc8 12. Qh3 Bd7 13. f5 Be7 14. fxg6 fxg6 15.
Bh6 Bf6 16. Rae1 e5 17. Qg3 Nb6 18. Ng5 Qe7 19. Rf2 O-O-O 20. Ref1 b4 21. Nd5
Nxd5 22. exd5 Bxg5 23. Bxg5 Qe8 24. a3 a5 25. axb4 axb4 26. c3 bxc3 27. bxc3
Bf5 28. Ra2 Qd7 29. Rfa1 Qc7 30. Ra7 Qb6 31. R7a6 Qb7 32. Ra8+ Kc7 33. Bxd8+
Rxd8 34. R8a7 Rb8 35. Qh4 Kc8 36. Rxb7 Rxb7 37. Ra8+ Rb8 38. Rxb8+ Kxb8 39.
Qd8+ 1-0

[Event "C.to Provinciale CS"]
[Site "Rossano ITA"]
[Date "2006.02.26"]
[Round "6"]
[White "Ielapi, Gianbattista"]
[Black "Piccoli, Vincenzo"]
[Result "1/2-1/2"]
[WhiteElo "1620"]
[BlackElo "1646"]
[PlyCount "85"]
[EventDate "2006.02.18"]

1. e4 e5 2. Nf3 Nc6 3. Bc4 Bc5 4. c3 Nf6 5. d4 exd4 6. cxd4 Bb4+ 7. Nc3 O-O 8.
e5 Ne4 9. Qb3 Bxc3+ 10. bxc3 Na5 11. Qc2 Nxc4 12. Qxe4 d5 13. Qd3 c6 14. Ng5 g6
15. Nh3 Bf5 16. Qg3 Bxh3 17. gxh3 Qd7 18. Bg5 Qf5 19. f3 Qd3 20. Qf4 Qxc3+ 21.
Kf2 Qc2+ 22. Kg3 Qf5 23. Qxf5 gxf5 24. Bh6 Rfe8 25. Rhg1 Re6 26. h4 Kh8 27. Bg5
h5 28. Bf6+ Kh7 29. Rad1 Rg8+ 30. Kf2 Rxg1 31. Kxg1 b6 32. Re1 Re8 33. f4 Nd2
34. Kf2 Ne4+ 35. Kf1 Rg8 36. Bg5 Rc8 37. Rc1 c5 38. Ke2 c4 39. a4 Rb8 40. Bf6
Nxf6 41. exf6 Re8+ 42. Kd2 Re4 43. Re1 1/2-1/2

[Event "C.to Provinciale CS"]
[Site "Rossano ITA"]
[Date "2006.02.26"]
[Round "6"]
[White "Ielapi, Vito"]
[Black "Spataro, Enrico"]
[Result "0-1"]
[WhiteElo "2001"]
[BlackElo "1712"]
[PlyCount "69"]
[EventDate "2006.02.18"]

1. e4 c5 2. Nf3 Nc6 3. d4 cxd4 4. Nxd4 Nf6 5. Nc3 e5 6. Ndb5 d6 7. Bg5 a6 8.
Bxf6 gxf6 9. Na3 b5 10. Nd5 Bg7 11. Bd3 O-O 12. O-O Be6 13. Qh5 h6 14. c3 Rb8
15. Nc2 f5 16. Nde3 f4 17. Nf5 Qf6 18. Nxg7 Qxg7 19. Qe2 Kh8 20. f3 Rg8 21. Rf2
Ne7 22. Ne1 h5 23. Qd2 Rb6 24. Kf1 d5 25. a4 dxe4 26. fxe4 f5 27. Qe2 fxe4 28.
Qxh5+ Qh7 29. Qxh7+ Kxh7 30. Bxe4+ Kg7 31. Nf3 Bc4+ 32. Kg1 Kf6 33. Rd2 Nf5 34.
axb5 axb5 35. Ra7 0-1

[Event "C.to Provinciale CS"]
[Site "Rossano ITA"]
[Date "2006.02.26"]
[Round "6"]
[White "Luvera', Filippo"]
[Black "Catapano, Francesco"]
[Result "1/2-1/2"]
[WhiteElo "1811"]
[BlackElo "1772"]
[PlyCount "96"]
[EventDate "2006.02.18"]

1. e4 e6 2. d4 d5 3. exd5 exd5 4. c4 Bb4+ 5. Nc3 c6 6. cxd5 Qxd5 7. Nf3 Bg4 8.
Be2 Nf6 9. O-O Qd6 10. a3 Ba5 11. Qa4 Bc7 12. g3 O-O 13. Bf4 Qd7 14. Bxc7 Qxc7
15. Rfe1 Nbd7 16. Rac1 Nb6 17. Qc2 Rad8 18. Rcd1 Nbd5 19. Ne5 Bxe2 20. Qxe2
Rfe8 21. Qf3 Re7 22. Re2 Rde8 23. Rde1 Qa5 24. Nc4 Qd8 25. Rxe7 Rxe7 26. Rxe7
Qxe7 27. Nxd5 Nxd5 28. Ne3 Qe6 29. Nxd5 cxd5 30. Qf4 Qc8 31. Qd6 Qc1+ 32. Kg2
g6 33. Qb8+ Kg7 34. Qxb7 Qd2 35. Qxd5 Qxb2 36. Qc5 Qb7+ 37. d5 Kf6 38. Qd6+ Kg7
39. Qc6 Qb3 40. a4 Qb4 41. d6 Qd4 42. d7 h6 43. a5 a6 44. h3 Qd3 45. g4 g5 46.
Qxa6 Qd5+ 47. Kh2 Qxd7 48. Qe2 Qc7+ 1/2-1/2

[Event "C.to Provinciale CS"]
[Site "Rossano ITA"]
[Date "2006.02.26"]
[Round "6"]
[White "Rizzuti, Pasquale"]
[Black "Cordi', Domenico"]
[Result "0-1"]
[WhiteElo "1865"]
[BlackElo "2065"]
[PlyCount "78"]
[EventDate "2006.02.18"]

1. Nf3 Nf6 2. g3 g6 3. Bg2 Bg7 4. O-O d5 5. d4 O-O 6. c4 c6 7. cxd5 cxd5 8. Nc3
Nc6 9. a3 Bf5 10. Bf4 Rc8 11. Rc1 Ne4 12. e3 h6 13. h3 g5 14. Nxe4 Bxe4 15.
Nxg5 Bxg2 16. Kxg2 hxg5 17. Bxg5 Qd7 18. Qh5 Qf5 19. g4 Qh7 20. Qxh7+ Kxh7 21.
Rh1 e5 22. Rc5 exd4 23. Rxd5 dxe3 24. Bxe3 Rfd8 25. Rh5+ Kg8 26. h4 b6 27. Rg5
Ne7 28. h5 Kh7 29. Rb5 Nd5 30. Bg5 Rd6 31. h6 Be5 32. Kf3 f6 33. Ke4 Rc4+ 34.
Kf3 fxg5 35. b3 Rf4+ 36. Kg2 a6 37. Rxd5 Rxd5 38. Rc1 Rd2 39. b4 Rfxf2+ 0-1

[Event "C.to Provinciale CS"]
[Site "Rossano ITA"]
[Date "2006.02.26"]
[Round "6"]
[White "Todarello, Giovanni"]
[Black "Malta, Gaetano"]
[Result "1-0"]
[WhiteElo "1831"]
[BlackElo "1718"]
[PlyCount "41"]
[EventDate "2006.02.18"]

1. e4 c6 2. d4 d5 3. Nc3 dxe4 4. Nxe4 Bf5 5. Ng3 Bg6 6. Nf3 h6 7. Bd3 Bxd3 8.
Qxd3 e6 9. O-O Nf6 10. Re1 Be7 11. c4 Qc7 12. Bd2 Nbd7 13. Rac1 Rd8 14. Qe2 Nb6
15. d5 Rd6 16. Bf4 Nc8 17. c5 O-O 18. cxd6 Bxd6 19. Bxd6 Qxd6 20. dxe6 fxe6 21.
Qxe6+ 1-0

[Event "C.to Provinciale CO"]
[Site "Como ITA"]
[Date "2006.02.11"]
[Round "1"]
[White "Buonocore, Elio"]
[Black "Zuccoli, Maurizio"]
[Result "1-0"]
[WhiteElo "2156"]
[BlackElo "1721"]
[PlyCount "99"]
[EventDate "2006.02.11"]

1. e4 c5 2. c3 d6 3. d4 cxd4 4. cxd4 Nf6 5. Nc3 g6 6. Nf3 Bg7 7. h3 a6 8. Bd3
e6 9. O-O Nc6 10. Qe2 O-O 11. Bf4 Re8 12. e5 Nd5 13. Bg3 dxe5 14. dxe5 Qa5 15.
Ne4 Ndb4 16. Nf6+ Bxf6 17. exf6 Qd8 18. Be4 Nd4 19. Nxd4 Qxd4 20. a3 Nc6 21.
Bxc6 bxc6 22. Be5 Qh4 23. Rac1 Bb7 24. Rc4 Qh6 25. Rb4 Bc8 26. Qf3 a5 27. Rf4
Ba6 28. Re1 Bb5 29. Qg3 Red8 30. Rh4 Qf8 31. Qg5 Bd3 32. Rh6 Rd5 33. Qh4 g5 34.
Qxg5+ Bg6 35. h4 Kh8 36. Re3 Rad8 37. Rxg6 hxg6 38. h5 Rxe5 39. Rxe5 Rd5 40.
hxg6 fxg6 41. Rxd5 exd5 42. Qxg6 d4 43. Qg7+ Qxg7 44. fxg7+ Kxg7 45. b4 axb4
46. axb4 Kf6 47. Kf1 d3 48. Ke1 Ke5 49. Kd2 Kd4 50. g4 1-0

[Event "C.to Provinciale CO"]
[Site "Como ITA"]
[Date "2006.02.11"]
[Round "1"]
[White "Cacia, Vincenzo"]
[Black "Lancianese, Giuseppe"]
[Result "0-1"]
[WhiteElo "1434"]
[BlackElo "1751"]
[PlyCount "54"]
[EventDate "2006.02.11"]

1. e4 c5 2. Bc4 e6 3. Nc3 Nc6 4. d3 a6 5. a3 g6 6. Nge2 Bg7 7. Be3 Nge7 8. O-O
O-O 9. Qd2 d5 10. exd5 exd5 11. Nxd5 Nxd5 12. Bxc5 Re8 13. Rab1 b5 14. Ba2 Bb7
15. c3 Ne5 16. d4 Ng4 17. Nf4 Bh6 18. Qd1 Nxh2 19. Nxd5 Nxf1 20. Nb6 Qg5 21. g3
Nxg3 22. d5 Ne4+ 23. Kh2 Nxc5 24. Nxa8 Bxa8 25. Qd4 Re4 26. Rg1 Qh4+ 27. Kg2
Rxd4 0-1

[Event "C.to Provinciale CO"]
[Site "Como ITA"]
[Date "2006.02.11"]
[Round "1"]
[White "Cervini, Gian Piero"]
[Black "Panzetta, Vieri"]
[Result "1-0"]
[WhiteElo "1955"]
[BlackElo "1462"]
[PlyCount "49"]
[EventDate "2006.02.11"]

1. e4 e6 2. d4 d5 3. Nc3 Nf6 4. e5 Nfd7 5. f4 c5 6. Nf3 Nc6 7. Be3 cxd4 8. Nxd4
Nxd4 9. Bxd4 Bc5 10. Bxc5 Nxc5 11. Nb5 O-O 12. Nd6 b6 13. Qh5 Nb7 14. Nxb7 Bxb7
15. Bd3 g6 16. Qh6 Qc8 17. h4 Ba6 18. O-O-O Bxd3 19. Rxd3 Qc4 20. h5 Qxa2 21.
hxg6 Qa1+ 22. Kd2 Qxh1 23. Qxh1 fxg6 24. Qh6 Rxf4 25. Qxf4 1-0

[Event "C.to Provinciale CO"]
[Site "Como ITA"]
[Date "2006.02.11"]
[Round "1"]
[White "Corti, Filippo"]
[Black "Rossi, Giampiero"]
[Result "0-1"]
[WhiteElo "1634"]
[BlackElo "2012"]
[PlyCount "112"]
[EventDate "2006.02.11"]

1. e4 c5 2. Nc3 e6 3. g3 Nc6 4. Bg2 d6 5. d3 g6 6. Nge2 Bg7 7. O-O Nge7 8. Bg5
h6 9. Bf4 O-O 10. Qd2 Kh7 11. Nb5 e5 12. Be3 Be6 13. Nbc3 Qd7 14. f4 f6 15. Rf2
Rab8 16. Raf1 Nd4 17. a3 Rfc8 18. fxe5 dxe5 19. b3 b6 20. a4 Rd8 21. Rxf6 Bxf6
22. Rxf6 Ng8 23. Rf1 Rf8 24. Rxf8 Rxf8 25. Nd5 Nf3+ 26. Bxf3 Rxf3 27. Nec3 Bh3
28. Bf2 Rf8 29. Ne3 Nf6 30. Ncd5 Ng4 31. Nxg4 Qxg4 32. Ne3 Qf3 33. Qe1 a6 34.
Qd2 b5 35. Qe1 Rf7 36. Qd2 h5 37. Qe1 c4 38. bxc4 bxc4 39. dxc4 Qxe4 40. Qe2
Rb7 41. Qd1 a5 42. Qe2 Rb4 43. Qd2 Rxa4 44. Be1 Ra3 45. Nd5 Qf3 46. Qf2 Qxf2+
47. Kxf2 Kg7 48. Bc3 Rxc3 49. Nxc3 Bf5 50. Ke3 Kf6 51. Kd2 Ke6 52. Nb5 Kd7 53.
Kc3 Kc6 54. Kb3 Kc5 55. c3 Bd7 56. Ka4 Kxc4 0-1

[Event "C.to Provinciale CO"]
[Site "Como ITA"]
[Date "2006.02.11"]
[Round "1"]
[White "Crippa, Gabriele"]
[Black "Trifoni, Giorgio"]
[Result "1-0"]
[WhiteElo "2082"]
[BlackElo "1688"]
[PlyCount "45"]
[EventDate "2006.02.11"]

1. d4 c5 2. d5 Nf6 3. Nc3 b6 4. e4 d6 5. Bb5+ Bd7 6. a4 e5 7. dxe6 fxe6 8. Nf3
Be7 9. Bf4 Bxb5 10. Nxb5 e5 11. Bg5 O-O 12. Bxf6 Rxf6 13. Qd5+ Rf7 14. Qxa8 a6
15. Nc3 g5 16. O-O-O g4 17. Nxe5 Rxf2 18. Qd5+ Kg7 19. Nxg4 Bg5+ 20. Kb1 Rxg2
21. Rhg1 Rxg1 22. Rxg1 Bf4 23. Nf6+ 1-0

[Event "C.to Provinciale CO"]
[Site "Como ITA"]
[Date "2006.02.11"]
[Round "1"]
[White "Liscio, Giovanni"]
[Black "Ghelfi, Giancarlo"]
[Result "1-0"]
[WhiteElo "2009"]
[BlackElo "1628"]
[PlyCount "65"]
[EventDate "2006.02.11"]

1. d4 Nf6 2. c4 g6 3. Nc3 Bg7 4. e4 d6 5. Bd3 O-O 6. Nge2 Nc6 7. O-O e5 8. d5
Ne7 9. b4 Nd7 10. Be3 f5 11. f3 f4 12. Bf2 g5 13. c5 Nf6 14. Rc1 Ng6 15. cxd6
cxd6 16. Nb5 Rf7 17. Qc2 Ne8 18. Nxa7 Rc7 19. Qb3 Qe7 20. Rxc7 Qxc7 21. Rc1 Qd8
22. Bb5 g4 23. Nxc8 g3 24. hxg3 Rxc8 25. Rxc8 Qxc8 26. Qc3 Qxc3 27. Nxc3 Nf6
28. a4 Kf7 29. a5 Ke7 30. Ne2 Kd8 31. gxf4 exf4 32. Nd4 Nf8 33. Nf5 1-0

[Event "C.to Provinciale CO"]
[Site "Como ITA"]
[Date "2006.02.11"]
[Round "1"]
[White "Luppi, Dario"]
[Black "Demarco, Mattia"]
[Result "1-0"]
[WhiteElo "1727"]
[BlackElo "1380"]
[PlyCount "55"]
[EventDate "2006.02.11"]

1. d4 e6 2. Bf4 Nf6 3. e3 d5 4. Nf3 Bd6 5. Bg3 Nc6 6. Nbd2 O-O 7. Ne5 Bxe5 8.
dxe5 Nd7 9. Nf3 b6 10. c3 Bb7 11. Bd3 f6 12. exf6 Nxf6 13. Qc2 Kh8 14. O-O-O e5
15. Nxe5 Nxe5 16. Bxe5 c5 17. f3 c4 18. Be2 Re8 19. Bd4 Qd7 20. g4 a5 21. h4 h6
22. g5 Nh7 23. gxh6 Nf6 24. hxg7+ Kxg7 25. Bxc4 Qf7 26. Rhg1+ Kh6 27. Qf5 Qe6
28. Qg6# 1-0

[Event "C.to Provinciale CO"]
[Site "Como ITA"]
[Date "2006.02.11"]
[Round "1"]
[White "Pede, Lucio"]
[Black "Gagliardi, Christian"]
[Result "0-1"]
[WhiteElo "1715"]
[BlackElo "2114"]
[PlyCount "70"]
[EventDate "2006.02.11"]

1. e4 g6 2. d4 Bg7 3. Nf3 d6 4. Bc4 a6 5. a4 Nf6 6. Nbd2 O-O 7. O-O Nc6 8. c3
e5 9. dxe5 dxe5 10. b4 Nh5 11. Nb3 Qxd1 12. Rxd1 Bg4 13. Be2 b6 14. Be3 a5 15.
b5 Nd8 16. c4 Nf4 17. Kf1 Nxe2 18. Kxe2 f5 19. Kd3 fxe4+ 20. Kxe4 Bf5+ 21. Kd5
Rf6 22. c5 Be6+ 23. Ke4 Bxb3 24. Rd7 Bc2+ 25. Kd5 c6+ 26. Kc4 cxb5+ 27. Kxb5
bxc5 28. Ra2 Rb8+ 29. Kxa5 Nc6+ 30. Ka6 Bb3 31. Rb2 Bc4+ 32. Rb5 e4 33. Rxg7+
Kxg7 34. Nd2 Bxb5+ 35. axb5 Nd4+ 0-1

[Event "C.to Provinciale CO"]
[Site "Como ITA"]
[Date "2006.02.11"]
[Round "1"]
[White "Raineri, Pieroberto"]
[Black "Coppola, Guido"]
[Result "0-1"]
[WhiteElo "1568"]
[BlackElo "2002"]
[PlyCount "58"]
[EventDate "2006.02.11"]

1. Nf3 d5 2. d4 Nf6 3. c4 e6 4. Nc3 Be7 5. Bf4 O-O 6. e3 c6 7. h3 Nbd7 8. Bd3
Re8 9. Qc2 Nf8 10. Ne5 N6d7 11. Nf3 Bf6 12. c5 e5 13. Bxe5 Nxe5 14. dxe5 Bxe5
15. Ne2 Qf6 16. Nxe5 Qxe5 17. O-O g6 18. Qc3 Qxc3 19. bxc3 Ne6 20. c4 Nxc5 21.
cxd5 Nxd3 22. d6 Bd7 23. Rfd1 Nc5 24. Rac1 b6 25. Ng3 Rad8 26. Rd4 f5 27. Rcc4
Be6 28. Rc2 Bd5 29. f3 Rxe3 0-1

[Event "C.to Provinciale CO"]
[Site "Como ITA"]
[Date "2006.02.12"]
[Round "2"]
[White "Baron, Mauro"]
[Black "Cervini, Gian Piero"]
[Result "0-1"]
[WhiteElo "1353"]
[BlackElo "1955"]
[PlyCount "88"]
[EventDate "2006.02.11"]

1. e4 d6 2. Nf3 Nf6 3. d3 g6 4. b3 Bg7 5. Bb2 O-O 6. Nc3 c5 7. Be2 Nc6 8. h4
Qa5 9. Qd2 b5 10. e5 dxe5 11. Ne4 Qxd2+ 12. Nfxd2 Nd4 13. Bd1 Nd7 14. c3 Ne6
15. Bf3 Rb8 16. g3 h6 17. Bg2 f5 18. Bh3 Nb6 19. h5 19... g5 {20.Ne4-g6
illegal move} 20. Nd6 -- 21. N6c4 -- 22. Ne3 -- 23. Ng2 -- 24. Nh4 --
25. Ng6 Rf7 26. Rb1 Bb7 27. Rg1 Rd8 28. Bf1 Nf8 29. Bg2 Bxg2 30. Rxg2 Rxd3 31.
c4 Nxg6 32. hxg6 Rf6 33. Bxe5 Re6 34. f4 Bxe5 35. fxe5 Rxe5+ 36. Re2 Rxe2+ 37.
Kxe2 Rxg3 38. Rf1 f4 39. Nf3 bxc4 40. bxc4 Nxc4 41. Rc1 Ne5 42. Nxe5 Re3+ 43.
Kf2 Rxe5 44. Rh1 Kg7 0-1

[Event "C.to Provinciale CO"]
[Site "Como ITA"]
[Date "2006.02.12"]
[Round "2"]
[White "Coppola, Guido"]
[Black "Luppi, Dario"]
[Result "1-0"]
[WhiteElo "2002"]
[BlackElo "1727"]
[PlyCount "109"]
[EventDate "2006.02.11"]

1. e4 e6 2. d4 d5 3. e5 c5 4. c3 Nc6 5. Nf3 Qb6 6. a3 Nh6 7. Bd3 Bd7 8. Bc2 Rc8
9. O-O cxd4 10. cxd4 Nf5 11. Bxf5 exf5 12. Nc3 Be6 13. Na4 Qb5 14. Bd2 a5 15.
Rc1 b6 16. Rb1 Be7 17. Re1 O-O 18. Nc3 Qc4 19. Be3 Na7 20. Nd2 Qa6 21. Qb3 Rfd8
22. a4 Bb4 23. Nf3 Rc7 24. Rec1 Rdc8 25. h3 h6 26. Rc2 Rc6 27. Rbc1 R8c7 28.
Ne1 Qc8 29. Nd3 Rc4 30. Nf4 g5 31. Nxe6 fxe6 32. f4 gxf4 33. Bxf4 h5 34. Rf2 b5
35. Qd1 Bxc3 36. bxc3 Rh7 37. Rf3 Rxa4 38. Rg3+ Kf7 39. Rg5 Qh8 40. Qe2 Rc4 41.
Qa2 Nc6 42. Qb3 Qb8 43. Qd1 Qh8 44. Qf3 b4 45. Rxf5+ Ke8 46. Rf6 Kd7 47. Bd2
Qe8 48. Rf1 Nd8 49. Qd3 Rg7 50. cxb4 axb4 51. Qb3 Qg8 52. Qa4+ Nc6 53. R1f2
Rxd4 54. Qb5 Qc8 55. Rf8 1-0

[Event "C.to Provinciale CO"]
[Site "Como ITA"]
[Date "2006.02.12"]
[Round "2"]
[White "Demarco, Mattia"]
[Black "Mason, Giovanni"]
[Result "0-1"]
[WhiteElo "1380"]
[BlackElo "1541"]
[PlyCount "58"]
[EventDate "2006.02.11"]

1. e4 c5 2. Bc4 e6 3. Nc3 a6 4. d3 Nc6 5. Nf3 d6 6. O-O Nf6 7. Bg5 Be7 8. d4
cxd4 9. Nxd4 O-O 10. Nxc6 bxc6 11. Re1 Qc7 12. Bxf6 Bxf6 13. Qd3 Rd8 14. Qg3
Rb8 15. Bb3 Bb7 16. Rad1 h6 17. f4 Qe7 18. Qe3 c5 19. e5 dxe5 20. Rxd8+ Rxd8
21. fxe5 Bg5 22. Qe2 Rd2 23. Qc4 Rxg2+ 24. Kh1 Rg4+ 25. Ne4 Qc7 26. c3 Qxe5 27.
Bc2 Rh4 28. Kg2 Qxh2+ 29. Kf3 Rh3+ 0-1

[Event "C.to Provinciale CO"]
[Site "Como ITA"]
[Date "2006.02.12"]
[Round "2"]
[White "Emoroso, Claudio"]
[Black "Crippa, Gabriele"]
[Result "0-1"]
[WhiteElo "1823"]
[BlackElo "2082"]
[PlyCount "160"]
[EventDate "2006.02.11"]

1. e4 e6 2. d4 d5 3. Nd2 Be7 4. Ngf3 Nf6 5. Bd3 c5 6. dxc5 dxe4 7. Nxe4 Nxe4 8.
Bxe4 Qxd1+ 9. Kxd1 Bxc5 10. Ke2 f5 11. Bd3 Nc6 12. Be3 Bxe3 13. Kxe3 Bd7 14.
Nd4 f4+ 15. Ke4 O-O 16. Rhg1 Rae8 17. Bc4 Kh8 18. Nxc6 Bxc6+ 19. Kd4 e5+ 20.
Kc3 Rc8 21. Kb3 a5 22. Rae1 e4 23. c3 b5 24. Be2 Bd5+ 25. Kc2 b4 26. a3 bxa3
27. bxa3 a4 28. Bb5 Bb3+ 29. Kb2 Rb8 30. Bf1 Bd5+ 31. Kc2 Rfc8 32. g3 f3 33.
Bh3 Rc6 34. Bf5 Bb3+ 35. Kd2 Rd8+ 36. Ke3 Rxc3+ 37. Kxe4 Bc2+ 38. Kf4 Rc4+ 39.
Kg5 h6+ 40. Kg6 Rg4+ 41. Kh5 Bxf5 42. Re5 Rg5+ 43. Kh4 g6 44. g4 Rd4 45. h3 Kg7
46. Rge1 Rdxg4+ 47. hxg4 Rxg4+ 48. Kh3 Rg2+ 49. Rxf5 gxf5 50. Re7+ Kf6 51. Ra7
Rxf2 52. Rxa4 Ra2 53. Kg3 f2 54. Kg2 Kg5 55. Ra8 h5 56. Rg8+ Kf4 57. Rh8 f1=Q+
58. Kxf1 Kf3 59. Kg1 Ra1+ 60. Kh2 f4 61. Rxh5 Kf2 62. Rf5 f3 63. Rf8 Rxa3 64.
Rf7 Ra6 65. Rh7 Rg6 66. Rh8 Ke1 67. Re8+ Kf1 68. Rf8 Kf2 69. Rh8 Rg4 70. Rh7
Rg2+ 71. Kh1 Rg1+ 72. Kh2 Re1 73. Rf7 Re4 74. Rh7 Ke1 75. Ra7 f2 76. Ra1+ Ke2
77. Ra2+ Kf3 78. Ra3+ Re3 79. Ra1 Re1 80. Ra3+ Ke4 0-1

[Event "C.to Provinciale CO"]
[Site "Como ITA"]
[Date "2006.02.12"]
[Round "2"]
[White "Gagliardi, Christian"]
[Black "Revinelli, Sergio"]
[Result "1-0"]
[WhiteElo "2114"]
[BlackElo "1841"]
[PlyCount "41"]
[EventDate "2006.02.11"]

1. Nf3 Nf6 2. g3 d5 3. Bg2 c5 4. d3 Nc6 5. Nbd2 e5 6. e4 d4 7. O-O Bd6 8. h3
O-O 9. Qe2 a6 10. Nh4 Re8 11. a4 Bf8 12. Nc4 b6 13. f4 Bd7 14. fxe5 Nxe5 15.
Nxe5 Rxe5 16. Bf4 Re6 17. e5 Ra7 18. Qf2 h6 19. exf6 Rxf6 20. Nf3 g5 21. Be5
1-0

[Event "C.to Provinciale CO"]
[Site "Como ITA"]
[Date "2006.02.12"]
[Round "2"]
[White "Ghelfi, Giancarlo"]
[Black "Cacia, Vincenzo"]
[Result "1-0"]
[WhiteElo "1628"]
[BlackElo "1434"]
[PlyCount "155"]
[EventDate "2006.02.11"]

1. e4 e5 2. Nf3 Nc6 3. Bb5 Nge7 4. O-O d6 5. d4 exd4 6. Nxd4 Bd7 7. Nc3 a6 8.
Nxc6 Nxc6 9. Bc4 Ne5 10. Be2 Be7 11. Bf4 O-O 12. Qd2 Bf6 13. Rad1 Re8 14. Nd5
Bc6 15. Rfe1 Nd7 16. Nxf6+ Qxf6 17. c3 Bxe4 18. f3 Bc6 19. a3 Nc5 20. Bc4 Qg6
21. Re3 Qf6 22. Bg5 Qg6 23. Bf4 h6 24. Rde1 Rad8 25. Qe2 Kf8 26. b4 b5 27. Bd5
Rxe3 28. Qxe3 Bxd5 29. Qe7+ Kg8 30. Qxd8+ Kh7 31. Bg3 Ne6 32. Qh4 Ng5 33. Rf1
Qf6 34. f4 Ne4 35. Qxf6 Nxf6 36. Rd1 Bc4 37. Rd4 Nd5 38. Be1 Kg6 39. Kf2 Kf5
40. Kf3 f6 41. g4+ Ke6 42. Ke4 Ne7 43. f5+ Kd7 44. h4 Nc6 45. Rd2 Ne5 46. Rb2
d5+ 47. Ke3 Nxg4+ 48. Kf4 Ne5 49. Ke3 Ke7 50. Bg3 Kd7 51. Bxe5 fxe5 52. Rg2 Ke7
53. Rxg7+ Kf6 54. Rxc7 Kxf5 55. Rc6 h5 56. Rxa6 Kg4 57. Re6 e4 58. Re5 Kxh4 59.
Kf4 Bb3 60. Rg5 Bc4 61. Rg1 Kh3 62. Rh1+ Kg2 63. Rxh5 Kf2 64. Rh2+ Ke1 65. Ke3
Kd1 66. Rg2 Kc1 67. Kd4 Bb3 68. Kc5 Bc4 69. Kd4 Bb3 70. Ke3 Bc2 71. Rd2 Bd3 72.
Rxd3 exd3 73. Kxd3 Kb2 74. Kd4 Kxa3 75. Kxd5 Kb3 76. Kc5 Ka4 77. c4 bxc4 78.
Kxc4 1-0

[Event "C.to Provinciale CO"]
[Site "Como ITA"]
[Date "2006.02.12"]
[Round "2"]
[White "Lancianese, Giuseppe"]
[Black "Liscio, Giovanni"]
[Result "0-1"]
[WhiteElo "1751"]
[BlackElo "2009"]
[PlyCount "74"]
[EventDate "2006.02.11"]

1. Nf3 d5 2. d4 Nf6 3. Bf4 e6 4. e3 Bd6 5. Bg3 b6 6. c3 Bb7 7. Bd3 O-O 8. Nbd2
Ne4 9. Bh4 Be7 10. Bg3 Nd7 11. Ne5 f6 12. Nxd7 Qxd7 13. f3 Nxd2 14. Qxd2 c5 15.
O-O Bd6 16. Bxd6 Qxd6 17. dxc5 bxc5 18. Rad1 Rad8 19. Rf2 g6 20. Qe1 Kg7 21.
Rfd2 Qb6 22. Qf2 e5 23. Kf1 f5 24. Ke2 Rfe8 25. b3 d4 26. c4 e4 27. fxe4 fxe4
28. Bb1 d3+ 29. Ke1 Qd6 30. Qh4 h6 31. Kf1 g5 32. Qh5 Rf8+ 33. Kg1 Qf6 34. h4
Bc6 35. Kh1 Qf5 36. hxg5 hxg5 37. Kg1 Rh8 0-1